[Event "2010 PLAY MASTERS"]
[Site "SchemingMind.com"]
[Date "2010.01.11"]
[Round "-"]
[White "MOIMOI"]
[Black "jl1234"]
[Result "1-0"]
[WhiteCountry "POL"]
[BlackCountry "POL"]
[WhiteElo "1597"]
[WhiteRD "54"]
[BlackElo "1805"]
[BlackRD "74"]
[GameID "234572"]

1. Nf3 d5 2. c4 dxc4 3. Qa4+ Nc6 4. Qxc4 e6 5. d3 Bd6 6. Bf4 e5 7. Ng5 Qf6 8. Be3 h6 9. Ne4 Bb4+ 10. Nbd2 Qe7
11. g3 Na5 12. Qc2 Be6 13. Bg2 c6 14. a3 Bb3 15. Qc1 Bd6 16. O-O Bc7 17. Nc5 Bd5 18. b4 b6 19. Qc2 bxc5 20. Bxd5 cxd5
21. Bxc5 Qd7 22. bxa5 Bxa5 23. Nb3 Bb6 24. Rfc1 Rc8 25. Qb2 f6 26. Rc2 Ne7 27. Bxe7 Rxc2 28. Qxc2 Kxe7 29. e3 Rc8 30. Qd1 Qa4
31. d4 exd4 32. Nxd4 Qxd1+ 33. Rxd1 g6 34. Nb5 Ke6 35. Kg2 Rc2 36. Kf3 Rc4 37. h4 Ke5 38. Rd3 a6 39. Nc3 d4 40. exd4+ Bxd4
41. Ne2 Bc5 42. Nf4 f5 43. Nxg6+ Kf6 44. Nf4 Ra4 45. Rc3 Rxa3 46. Ne2 Rxc3+ 47. Nxc3 Ke5 48. Na4 Bd4 49. Ke2= Kd5 50. f3 Kc4
51. g4 fxg4 52. fxg4 Kb3 53. Kd3 Bf2 54. g5 Bxh4 55. Nc5+ Ka3 56. gxh6 Bf6= 57. Nxa6 Ka4 58. Ke4 Kb5 59. Kf5
1-0

[Event "2010 PLAY MASTERS"]
[Site "SchemingMind.com"]
[Date "2010.01.12"]
[Round "-"]
[White "jl1234"]
[Black "MOIMOI"]
[Result "1-0"]
[WhiteCountry "POL"]
[BlackCountry "POL"]
[WhiteElo "1798"]
[WhiteRD "75"]
[BlackElo "1568"]
[BlackRD "51"]
[GameID "234579"]

1. d4 d5 2. Nf3 Nc6 3. Bf4 Nf6 4. h3 h6 5. e3 Bf5 6. Bb5 Be4 7. Nc3 e6 8. Nxe4 Nxe4 9. Ne5 Rb8 10. Bxc6+ bxc6
11. Nxc6 Qc8 12. Nxb8 Qxb8 13. O-O Bd6 14. Bxd6 Nxd6 15. b3 O-O 16. a3 Qb6 17. Qd3 Ne4 18. c4 c6 19. f3 Ng3 20. Rfd1 h5
21. c5 Qd8 22. b4 Qf6 23. Ra2 e5 24. Re1 e4 25. fxe4 Nxe4 26. Rf1 Qe6 27. Raa1 Ng3 28. Rf3 Ne4 29. Raf1 f5 30. g4 hxg4
31. hxg4 g6 32. gxf5 gxf5 33. Qe2 Qg6+ 34. Qg2 Ng5 35. Rg3 Kf7 36. Rxg5 Qh6 37. Rfxf5+ Ke7 38. Rxf8 Kxf8 39. Rf5+ Ke7 40. Qg5+
1-0

[Event "2010 PLAY MASTERS"]
[Site "SchemingMind.com"]
[Date "2010.01.30"]
[Round "-"]
[White "Schaakmaatje"]
[Black "lemmie"]
[Result "1-0"]
[WhiteCountry "NED"]
[BlackCountry "NED"]
[WhiteElo "1676"]
[WhiteRD "50"]
[BlackElo "1633"]
[BlackRD "49"]
[GameID "237069"]

1. e4 e5 2. Nf3 Nc6 3. Bc4 Bc5 4. O-O h6 5. c3 Nf6 6. d3 a6 7. a4 d6 8. h3 Ne7 9. Re1 Bd7 10. Be3 Bxe3
11. Rxe3 Ng6 12. Nh2 Nf4 13. Nd2 O-O 14. b4 b6 15. d4 Qc8 16. Bf1 N6h5 17. g3 Nxh3+ 18. Bxh3 Bxh3 19. Qxh5 exd4 20. cxd4 Qd7
21. g4 g6 22. Qxh3
1-0

[Event "2010 PLAY MASTERS"]
[Site "SchemingMind.com"]
[Date "2010.01.30"]
[Round "-"]
[White "lemmie"]
[Black "Schaakmaatje"]
[Result "1-0"]
[WhiteCountry "NED"]
[BlackCountry "NED"]
[WhiteElo "1633"]
[WhiteRD "49"]
[BlackElo "1676"]
[BlackRD "50"]
[GameID "237082"]

1. e4 e5 2. Nf3 Nf6 3. Nc3 Nc6 4. Bc4 Bc5 5. d3 h6 6. a3 a6 7. O-O d6 8. h3 Ne7 9. Qe2 c6 10. b4 Bb6
11. Na4 Bc7 12. Be3 b5 13. Bxf7+ Kxf7 14. Nb2 Be6 15. c4 bxc4 16. dxc4 Nxe4 17. Bxh6 Nf6 18. Ng5+ Ke8 19. Nxe6 Qd7 20. Nxc7+
1-0

[Event "2010 PLAY MASTERS"]
[Site "SchemingMind.com"]
[Date "2010.02.05"]
[Round "-"]
[White "Spottdrossel"]
[Black "Orange Lion"]
[Result "0-1"]
[WhiteCountry "GER"]
[BlackCountry "NED"]
[WhiteElo "1853"]
[WhiteRD "94"]
[BlackElo "2438"]
[BlackRD "82"]
[GameID "237325"]

1. e4 e6 2. d4 d5 3. exd5 exd5 4. c4 Nf6 5. Nf3 Bb4+ 6. Nc3 O-O 7. Bd3 Bg4 8. O-O dxc4 9. Bxc4 Bxf3 10. Qxf3 Qxd4
11. Qxb7 Qxc4 12. Qxa8 Bd6 13. Qxa7 Bxh2+ 14. Kxh2 Qxf1 15. f3 Re8 16. Rb1 Qe1 17. Qa4 Nbd7 18. Bg5 Qf2 19. Bxf6 Nxf6 20. Ne4 Rxe4
21. fxe4 Ng4+ 22. Kh1 h5 23. Qa8+ Kh7 24. Qd8 Qg3
0-1

[Event "2010 PLAY MASTERS"]
[Site "SchemingMind.com"]
[Date "2010.02.05"]
[Round "-"]
[White "Orange Lion"]
[Black "Spottdrossel"]
[Result "1-0"]
[WhiteCountry "NED"]
[BlackCountry "GER"]
[WhiteElo "2438"]
[WhiteRD "82"]
[BlackElo "1853"]
[BlackRD "94"]
[GameID "237330"]

1. e4 e6 2. d4 d5 3. Nc3 Bb4 4. e5 Ne7 5. a3 Bxc3+ 6. bxc3 c5 7. Qg4 O-O 8. Bd3 Nbc6 9. Qh5 Ng6 10. Nf3 Qc7
11. Be3 c4 12. Bxg6 fxg6 13. Qg4 Qf7 14. Ng5 Qe8 15. h4 h6 16. Nh3 Ne7 17. h5 gxh5 18. Qe2 Nf5 19. Nf4 Nxe3 20. fxe3 Bd7
21. Rxh5 Kh7 22. Kd2 g6 23. Rh3 Rf5 24. g4 Rf7 25. Qh2
1-0

[Event "2010 PLAY MASTERS"]
[Site "SchemingMind.com"]
[Date "2010.02.12"]
[Round "-"]
[White "Shaka"]
[Black "Phillip Beckett"]
[Result "0-1"]
[WhiteCountry "VEN"]
[BlackCountry "ENG"]
[WhiteElo "1673"]
[WhiteRD "97"]
[BlackElo "1693"]
[BlackRD "59"]
[GameID "238585"]

1. e4 e5 2. Nf3 Nc6 3. Bc4 Nf6 4. d3 Be7 5. c3 O-O 6. O-O d6 7. Bg5 h6 8. Bxf6 Bxf6 9. Nbd2 Na5 10. Bb5 a6
11. Ba4 b5 12. Bc2 c5 13. a4 Bb7 14. axb5 axb5 15. Re1 c4 16. d4 exd4 17. cxd4 Nc6 18. Rxa8 Qxa8 19. e5 dxe5 20. dxe5 Be7
21. Be4 Rd8 22. Qb1 Nb4 23. Bxb7 Qxb7
0-1

[Event "2010 PLAY MASTERS"]
[Site "SchemingMind.com"]
[Date "2010.02.12"]
[Round "-"]
[White "Phillip Beckett"]
[Black "Shaka"]
[Result "1-0"]
[WhiteCountry "ENG"]
[BlackCountry "VEN"]
[WhiteElo "1693"]
[WhiteRD "59"]
[BlackElo "1673"]
[BlackRD "97"]
[GameID "238590"]

1. e4 c6 2. d4 d5 3. e5 Bf5 4. c3 e6 5. Bd3 Bxd3 6. Qxd3 Nd7 7. Ne2 Ne7 8. O-O c5 9. f4 Nc6 10. Nd2 Be7
11. Nf3 cxd4 12. Nexd4 Qb6 13. Kh1 O-O 14. Nb3 Nc5 15. Nxc5 Bxc5 16. Ng5 g6 17. Qh3 h5 18. g4 Kg7 19. gxh5 Rh8 20. b4 Be7
21. Be3 Qb5 22. Qg3 Rxh5 23. Rf3 Rah8 24. Rf2
1-0

[Event "2010 PLAY MASTERS"]
[Site "SchemingMind.com"]
[Date "2010.02.17"]
[Round "-"]
[White "PStuart"]
[Black "crawfb5"]
[Result "1/2-1/2"]
[WhiteCountry "USA"]
[BlackCountry "USA"]
[WhiteElo "1878"]
[WhiteRD "70"]
[BlackElo "2068"]
[BlackRD "85"]
[GameID "238714"]

1. d4 d5 2. Nf3 c6 3. c3 Bf5 4. e3 e6 5. Bd3 Bxd3 6. Qxd3 Nf6 7. Nbd2 Nbd7 8. e4 dxe4 9. Nxe4 Be7 10. Nxf6+ Nxf6
11. Qe2 O-O 12. O-O Qc7 13. Bg5 Nd5 14. Bxe7 Qxe7 15. Rfe1 Qd6 16. Rad1 Qc7 17. g3 c5 18. dxc5 Qxc5 19. Nd4 a6 20. Qh5 Qb6
21. Re2 Nf6 22. Qh3 Qa5 23. a3 Rad8 24. Rde1 Rd5 25. Nf3 Rh5 26. Qg2 Rd8 27. Qf1 Rhd5 28. Re5 Rxe5 29. Rxe5 Rd5 30. Rxd5 Qxd5
31. Qe2 h6 32. Ne5 Ne4 33. Nf3 b5 34. Nd4 Ng5 35. h4 Ne4 36. Nf3=
1/2-1/2

[Event "2010 PLAY MASTERS"]
[Site "SchemingMind.com"]
[Date "2010.02.16"]
[Round "-"]
[White "crawfb5"]
[Black "PStuart"]
[Result "1-0"]
[WhiteCountry "USA"]
[BlackCountry "USA"]
[WhiteElo "2042"]
[WhiteRD "90"]
[BlackElo "1833"]
[BlackRD "74"]
[GameID "238717"]

1. e4 d5 2. exd5 Qxd5 3. Nc3 Qa5 4. d4 Nf6 5. Nf3 Bf5 6. Bc4 e6 7. Bd2 Bb4 8. a3 Bxc3 9. Bxc3 Qb6 10. Qe2 O-O
11. O-O-O c6 12. Ne5 Qc7 13. g4 Be4 14. f3 Bd5 15. Bxd5 cxd5 16. h4 Nc6 17. h5 Nxe5 18. dxe5 Nd7 19. g5 Rac8 20. Rh2 Nb6
21. g6 h6 22. Bb4 Rfd8 23. gxf7+ Qxf7 24. Rg1 Rc4 25. Rhg2 Rdc8 26. Rxg7+ Qxg7 27. Rxg7+ Kxg7 28. Qg2+
1-0

[Event "2010 PLAY MASTERS"]
[Site "SchemingMind.com"]
[Date "2010.02.20"]
[Round "-"]
[White "BlueMooner"]
[Black "Rhel"]
[Result "0-1"]
[WhiteCountry "ENG"]
[BlackCountry "GBR"]
[WhiteElo "1899"]
[WhiteRD "91"]
[BlackElo "2215"]
[BlackRD "122"]
[GameID "238991"]

1. d4 f5 2. g3 Nf6 3. Bg2 e6 4. c4 d5 5. Nf3 c6 6. Qc2 Bd6 7. O-O Qc7 8. c5 Be7 9. Bf4 Qd8 10. Nbd2 O-O
11. b4 Nh5 12. Ne5 g5 13. Be3 f4 14. gxf4 gxf4 15. Ng6 hxg6 16. Qxg6+ Ng7
0-1

[Event "2010 PLAY MASTERS"]
[Site "SchemingMind.com"]
[Date "2010.02.20"]
[Round "-"]
[White "Rhel"]
[Black "BlueMooner"]
[Result "1-0"]
[WhiteCountry "GBR"]
[BlackCountry "ENG"]
[WhiteElo "2227"]
[WhiteRD "123"]
[BlackElo "1877"]
[BlackRD "93"]
[GameID "238997"]

1. c4 c5 2. Nc3 Nc6 3. g3 g6 4. Bg2 Bg7 5. Nf3 d6 6. O-O Nf6 7. d3 O-O 8. a3 e5 9. Rb1 a5 10. Bg5 h6
11. Bd2 Rb8 12. Re1 Be6 13. e4 Qd7 14. Nd5 Kh7 15. Qc1 Ng8 16. b4 axb4 17. axb4 cxb4 18. Nxb4 Nge7 19. Nd5 f5 20. Nb6 Qd8
21. exf5 Nxf5 22. Bc3 Qe7 23. Qa3 Qc7 24. Rb5 Rf7 25. Nd5 Qd7 26. Reb1 Nd8 27. Nd2 Nd4 28. Bxd4 exd4 29. Ne4 Bf8 30. Nef6+
1-0

[Event "2010 PLAY MASTERS"]
[Site "SchemingMind.com"]
[Date "2010.02.19"]
[Round "-"]
[White "Valiantangel"]
[Black "Scooter"]
[Result "1-0"]
[WhiteCountry "SGP"]
[BlackCountry "USA"]
[WhiteElo "1668"]
[WhiteRD "80"]
[BlackElo "1767"]
[BlackRD "61"]
[GameID "239456"]

1. d4 d5 2. c4 c6 3. Nc3 Nf6 4. Nf3 e6 5. Bg5 Nbd7 6. e3 Bb4 7. cxd5 cxd5 8. Bb5 O-O 9. Bxd7 Bxd7 10. O-O h6
11. Bh4 Be7 12. Ne5 Bc6 13. Rc1 Nd7 14. Nxc6 bxc6 15. Bxe7 Qxe7 16. Na4 Rfc8 17. Nc5 Nxc5 18. Rxc5 Rab8 19. b3 Rb5 20. Qc2 Rxc5
21. Qxc5 Qb7 22. Rc1 Qa6 23. Rc2 Qd3 24. g3 h5 25. h4 g6 26. b4 a6 27. a4 Qd1+ 28. Kg2 Rb8 29. Qxc6 Kg7 30. b5 axb5
31. axb5 Rxb5 32. Rc1 Qd3 33. Qe8 Qe4+ 34. Kg1 Rb2 35. Qd8 Qf5 36. Rf1 Qf6 37. Qxf6+ Kxf6 38. Kg2 Kf5 39. Kf3 f6 40. Rd1 g5
41. Rc1 Rb7 42. Rc5 g4+ 43. Kg2 Rd7 44. Rc8 e5 45. Rh8 exd4 46. exd4 Ke4 47. Rxh5 Kxd4 48. Rf5 Kc3 49. Rxf6 d4 50. Kf1 d3
51. Rc6+ Kd4 52. Ke1 Kd5 53. Rg6 Kc4 54. Kd2 Rd4 55. Rc6+ Kd5 56. Rc8 Ke4 57. Re8+ Kf3 58. Rf8+ Ke4 59. Rf4+ Ke5 60. Rxd4 Kxd4
61. h5 Ke5 62. Kxd3 Kf5 63. Ke3 Kg5 64. Ke4 Kxh5 65. Kf5
1-0

[Event "2010 PLAY MASTERS"]
[Site "SchemingMind.com"]
[Date "2010.02.19"]
[Round "-"]
[White "Scooter"]
[Black "Valiantangel"]
[Result "1-0"]
[WhiteCountry "USA"]
[BlackCountry "SGP"]
[WhiteElo "1756"]
[WhiteRD "58"]
[BlackElo "1617"]
[BlackRD "88"]
[GameID "239460"]

1. d4 Nf6 2. Bf4 d5 3. Nf3 e6 4. Nbd2 c5 5. c3 Bd6 6. Bxd6 Qxd6 7. e3 b6 8. Bb5+ Bd7 9. Bxd7+ Nbxd7 10. O-O O-O
11. Re1 e5 12. dxe5 Nxe5 13. Nxe5 Qxe5 14. Nf3 Qf5 15. Rc1 Rfd8 16. Qc2 Qg4 17. Rcd1 Rd6 18. h3 Qh5 19. e4 Re6 20. exd5 Rxe1+
21. Nxe1 Nxd5 22. Qd3 Re8 23. Nf3 Nf6 24. Qa6 Re7 25. Rd8+ Ne8 26. Qxa7 Kf8 27. Qxb6 Qf5 28. a4 Qf4 29. Qxc5 Qc1+ 30. Kh2 Qf4+
31. g3 Qxf3 32. Rxe8+ Kxe8 33. Qc8#
1-0

[Event "2010 PLAY MASTERS"]
[Site "SchemingMind.com"]
[Date "2010.02.27"]
[Round "-"]
[White "Schaakmaatje"]
[Black "mmccaffe"]
[Result "0-1"]
[WhiteCountry "NED"]
[BlackCountry "USA"]
[WhiteElo "1736"]
[WhiteRD "50"]
[BlackElo "1750"]
[BlackRD "56"]
[GameID "239709"]

1. e4 c5 2. Nf3 d6 3. Bb5+ Bd7 4. Bxd7+ Nxd7 5. d4 cxd4 6. Nxd4 Ngf6 7. Nc3 a6 8. O-O e6 9. Bg5 Be7 10. Qd2 O-O
11. h3 b5 12. a3 Qc7 13. Rad1 Rac8 14. Kh1 h6 15. Be3 Ne5 16. Qe2 Nc4 17. Ncxb5 axb5 18. Nxb5 Qb7 19. Na7 Nxe3 20. Qxe3 Rc7
0-1

[Event "2010 PLAY MASTERS"]
[Site "SchemingMind.com"]
[Date "2010.02.27"]
[Round "-"]
[White "mmccaffe"]
[Black "Schaakmaatje"]
[Result "1/2-1/2"]
[WhiteCountry "USA"]
[BlackCountry "NED"]
[WhiteElo "1677"]
[WhiteRD "60"]
[BlackElo "1762"]
[BlackRD "46"]
[GameID "239714"]

1. e4 c6 2. Nc3 d5 3. Nf3 dxe4 4. Nxe4 Bf5 5. Ng3 Bg6 6. Bc4 Nd7 7. O-O e5 8. d3 Be7 9. Re1 Ngf6 10. Nxe5 Nxe5
11. Rxe5 O-O 12. Bg5 h6 13. Bd2 Bd6 14. Re1 Qc7 15. Qf3 Bxg3 16. Qxg3 Qxg3 17. fxg3 Rfe8 18. Bf4=
1/2-1/2

[Event "2010 PLAY MASTERS"]
[Site "SchemingMind.com"]
[Date "2010.04.07"]
[Round "-"]
[White "Valiantangel"]
[Black "jl1234"]
[Result "1-0"]
[WhiteCountry "SGP"]
[BlackCountry "POL"]
[WhiteElo "1862"]
[WhiteRD "65"]
[BlackElo "1715"]
[BlackRD "77"]
[GameID "244602"]

1. d4 d5 2. c4 dxc4 3. e4 Bd7 4. Bxc4 c5 5. d5 b5 6. Be2 Qb6 7. Nf3 Na6 8. O-O Qg6 9. Re1 Nc7 10. Bf1 f6
11. Bf4 e5 12. Bd2 Bd6 13. Ba5 Nh6 14. Bxc7 Bxc7 15. Nc3 a6 16. d6 Bb6 17. Nd5 Bd8 18. Nc7+ Bxc7 19. dxc7 Qf7 20. Qd6 Qe7
21. Red1 Nf7 22. Qb6 O-O 23. Rd5 Rfc8 24. Rad1 Be6 25. Rxc5 Bxa2 26. Nh4
1-0

[Event "2010 PLAY MASTERS"]
[Site "SchemingMind.com"]
[Date "2010.04.08"]
[Round "-"]
[White "jl1234"]
[Black "Valiantangel"]
[Result "0-1"]
[WhiteCountry "POL"]
[BlackCountry "SGP"]
[WhiteElo "1715"]
[WhiteRD "77"]
[BlackElo "1862"]
[BlackRD "65"]
[GameID "244605"]

1. e4 e6 2. d4 d5 3. e5 c5 4. c3 Nc6 5. Nf3 Bd7 6. Bb5 f6 7. Bxc6 Bxc6 8. O-O Be7 9. Be3 Qb6 10. Qc2 f5
11. Nbd2 h6 12. dxc5 Bxc5 13. Bxc5 Qxc5 14. Nb3 Qb6 15. Nh4 g5 16. Nf3 O-O-O 17. Nfd4 Bd7 18. Nd2 Ne7 19. N2b3 Nc6 20. Rfc1 Kb8
21. Qd2 Bc8 22. Rc2 g4 23. Rac1 Nxe5 24. Qe2 Ng6 25. Qe3 h5 26. Ne2 Qxe3 27. fxe3 Ne5 28. Nf4 Nc4 29. Kf2 h4 30. Ke2 e5
31. Ng6 Rh6 32. Ne7 Rd7 33. Nxf5 Rh5 34. e4 dxe4 35. Ne3 Rc7 36. Nxg4 Bxg4+
0-1

[Event "2010 PLAY MASTERS"]
[Site "SchemingMind.com"]
[Date "2010.05.03"]
[Round "-"]
[White "Phillip Beckett"]
[Black "Orange Lion"]
[Result "0-1"]
[WhiteCountry "ENG"]
[BlackCountry "NED"]
[WhiteElo "1599"]
[WhiteRD "57"]
[BlackElo "2398"]
[BlackRD "75"]
[GameID "246974"]

1. e4 e6 2. d4 d5 3. Nd2 Nf6 4. exd5 exd5 5. Ngf3 Bd6 6. Bd3 Qe7+ 7. Qe2 Qxe2+ 8. Kxe2 O-O 9. Re1 Nc6 10. Kf1 Nb4
11. a3 Nxd3 12. cxd3 Bf5 13. Ne5 Nh5 14. g4 Bxe5 15. gxf5 Bxh2 16. Nf3 Bd6 17. Ne5 Rfe8 18. Bd2 f6 19. Ng4 Nf4 20. Bxf4 Rxe1+
21. Rxe1 Bxf4 22. Re7 Rd8 23. Ne3 Kf8 24. Re6 Bh6 25. Kg2 c6 26. b3 Re8 27. Kg3 Rxe6 28. fxe6 Bxe3 29. fxe3 Ke7 30. e4 a5
31. Kf4 h5 32. Kf5 g6+ 33. Kxg6 h4
0-1

[Event "2010 PLAY MASTERS"]
[Site "SchemingMind.com"]
[Date "2010.05.03"]
[Round "-"]
[White "Orange Lion"]
[Black "Phillip Beckett"]
[Result "1-0"]
[WhiteCountry "NED"]
[BlackCountry "ENG"]
[WhiteElo "2398"]
[WhiteRD "75"]
[BlackElo "1599"]
[BlackRD "57"]
[GameID "246976"]

1. Nf3 Nf6 2. c4 e6 3. d4 d5 4. Nc3 Be7 5. Bg5 h6 6. Bxf6 Bxf6 7. e3 c6 8. Qd2 Nd7 9. Bd3 dxc4 10. Bxc4 O-O
11. Ne4 Be7 12. O-O c5 13. Rac1 cxd4 14. exd4 Nb6 15. Bb3 Bd7 16. Ne5 Rc8 17. Nc5 Bxc5 18. dxc5 Nd5 19. Rfe1 Bc6 20. Rcd1 Qc7
21. Nxc6 bxc6 22. Re4 Nf6 23. Rd4 Nd5 24. a3 Rb8 25. Qc2 Qb7 26. R4d3 Qb5 27. Qc1 a5 28. Rg3 Kh8 29. Qc2 Rfd8 30. Rgd3 Rd7
31. Ba4 Qxb2 32. Qxb2 Rxb2 33. Bxc6 Rc7 34. Bxd5 exd5 35. Rxd5 Rc2 36. c6 R7xc6 37. Rxa5 Ra2 38. h4 Rcc2 39. Rf5 Kg8 40. Rd8+ Kh7
41. Rxf7 Ra1+ 42. Kh2 Raa2 43. Rdd7 Rxf2 44. Rxg7+ Kh8 45. Rg6 Rxa3 46. Rxh6+ Kg8 47. Rg6+ Kf8 48. h5 Rf5 49. h6 Rh5+ 50. Kg1 Ra1+
51. Kf2 Ra2+ 52. Kf3 Raa5 53. h7 Rhf5+ 54. Kg4
1-0

[Event "2010 PLAY MASTERS"]
[Site "SchemingMind.com"]
[Date "2010.05.04"]
[Round "-"]
[White "z"]
[Black "crawfb5"]
[Result "0-1"]
[WhiteCountry "IRQ"]
[BlackCountry "USA"]
[WhiteElo "1787"]
[WhiteRD "87"]
[BlackElo "2048"]
[BlackRD "82"]
[GameID "247549"]

1. d4 d5 2. c4 c6 3. Nc3 e6 4. Nf3 dxc4 5. a4 Bb4 6. e3 b5 7. Bd2 a5 8. Ne5 Nf6 9. Qf3 Bxc3 10. Bxc3 Qd5
11. axb5 cxb5 12. Rxa5 Rxa5 13. Bxa5 O-O 14. b3 Ba6 15. Be2 c3 16. b4 Qb3 17. O-O Nd5 18. e4 Nxb4 19. Nd3 Nxd3 20. Bxd3 Qa3
21. Bc7 b4 22. Bd6 Bxd3 23. Qxd3 Rc8 24. f4 Qa4 25. f5 exf5 26. Rxf5 c2
0-1

[Event "2010 PLAY MASTERS"]
[Site "SchemingMind.com"]
[Date "2010.05.05"]
[Round "-"]
[White "crawfb5"]
[Black "z"]
[Result "1/2-1/2"]
[WhiteCountry "USA"]
[BlackCountry "IRQ"]
[WhiteElo "2024"]
[WhiteRD "84"]
[BlackElo "1807"]
[BlackRD "87"]
[GameID "247556"]

1. e4 e6 2. d4 d5 3. Nc3 Bb4 4. e5 c5 5. a3 Bxc3+ 6. bxc3 Nc6 7. Qg4 Nge7 8. Qxg7 Rg8 9. Qxh7 Qc7 10. f4 cxd4
11. Ne2 Bd7 12. Qd3 dxc3 13. Qxc3 Nf5 14. Rb1 d4 15. Qd3 O-O-O 16. Rg1 f6 17. g4 Nh4 18. exf6 e5 19. f7 Rxg4 20. Rxg4 Bxg4
21. Bh3 Qd7 22. Bxg4 Qxg4 23. Qg3 Nf3+ 24. Kf2 Qxg3+ 25. hxg3 e4 26. Bb2 Kd7 27. Bxd4 Nfxd4 28. Nxd4 Nxd4 29. Rxb7+ Ke6 30. Rxa7 Nxc2
31. Ke2 e3 32. f5+ Kxf5 33. Rd7 Rf8 34. a4 Ke6 35. Rc7 Nd4+ 36. Kxe3 Nf5+ 37. Kf4 Nd6 38. a5 Nxf7 39. a6 Nd6+ 40. Kg5 Rf5+
41. Kh4 Ra5 42. a7 Nb5 43. Rc6+ Kf7 44. Rc5 Rxa7 45. Rxb5 Kg7 46. g4= Kf6 47. g5+ Kg6 48. Rb6+ Kg7 49. Kh5=
1/2-1/2

[Event "2010 PLAY MASTERS"]
[Site "SchemingMind.com"]
[Date "2010.06.20"]
[Round "-"]
[White "Rhel"]
[Black "spoke"]
[Result "1-0"]
[WhiteCountry "GBR"]
[BlackCountry "GER"]
[WhiteElo "2203"]
[WhiteRD "122"]
[BlackElo "1724"]
[BlackRD "74"]
[GameID "252301"]

1. d4 d5 2. c4 e6 3. g3 Nf6 4. Nf3 Bb4+ 5. Bd2 Be7 6. Bg2 O-O 7. O-O c6 8. Qc2 Nbd7 9. cxd5 Nxd5 10. a3 N7b6
11. e4 Nf6 12. Nc3 c5 13. dxc5 Bxc5 14. e5 Nfd5 15. Nxd5 Qxd5 16. Ng5
1-0

[Event "2010 PLAY MASTERS"]
[Site "SchemingMind.com"]
[Date "2010.06.20"]
[Round "-"]
[White "spoke"]
[Black "Rhel"]
[Result "0-1"]
[WhiteCountry "GER"]
[BlackCountry "GBR"]
[WhiteElo "1724"]
[WhiteRD "74"]
[BlackElo "2203"]
[BlackRD "122"]
[GameID "252312"]

1. e4 c5 2. Nf3 g6 3. d4 cxd4 4. Qxd4 Nf6 5. e5 Nc6 6. Qa4 Nd5 7. Qe4 Nc7 8. Nc3 Bg7 9. Bf4 Ne6 10. Bg3 O-O
11. O-O-O Qa5 12. Bc4 a6 13. Kb1 b5 14. Bxe6 fxe6 15. Nd4 Bb7 16. f3 Qc7 17. Nxc6 Bxc6 18. Qd4 a5 19. Rd2 b4 20. Ne4 Rac8
21. Nc5 Bd5 22. f4 Qxc5
0-1

[Event "2010 PLAY MASTERS"]
[Site "SchemingMind.com"]
[Date "2010.06.23"]
[Round "-"]
[White "Orange Lion"]
[Black "mmccaffe"]
[Result "1-0"]
[WhiteCountry "NED"]
[BlackCountry "USA"]
[WhiteElo "2412"]
[WhiteRD "73"]
[BlackElo "1784"]
[BlackRD "63"]
[GameID "252566"]

1. Nf3 Nf6 2. c4 g6 3. d4 Bg7 4. g3 O-O 5. Bg2 d6 6. O-O c6 7. Nc3 Nbd7 8. e4 Qc7 9. h3 b6 10. Be3 Bb7
11. Qd2 c5 12. d5 Ne5 13. Nxe5 dxe5 14. a4 Ne8 15. a5 Nd6 16. b3 bxa5 17. Qa2 f5 18. Qxa5 Rfc8 19. Qxc7 Rxc7 20. Ra5 f4
21. Bxc5 Bc8 22. Rfa1 a6 23. Bb6 Rb7 24. c5 Nf7 25. Rxa6 Rxa6 26. Rxa6 f3 27. Ra8
1-0

[Event "2010 PLAY MASTERS"]
[Site "SchemingMind.com"]
[Date "2010.06.23"]
[Round "-"]
[White "mmccaffe"]
[Black "Orange Lion"]
[Result "0-1"]
[WhiteCountry "USA"]
[BlackCountry "NED"]
[WhiteElo "1744"]
[WhiteRD "59"]
[BlackElo "2393"]
[BlackRD "70"]
[GameID "252574"]

1. e4 e6 2. d4 d5 3. Nc3 Bb4 4. e5 c5 5. a3 Bxc3+ 6. bxc3 Ne7 7. Qg4 O-O 8. Nf3 Nbc6 9. Bb5 Qa5 10. Bxc6 Qxc3+
0-1

[Event "2010 PLAY MASTERS"]
[Site "SchemingMind.com"]
[Date "2010.08.13"]
[Round "-"]
[White "crawfb5"]
[Black "jesusch"]
[Result "1/2-1/2"]
[WhiteCountry "USA"]
[BlackCountry "ESP"]
[WhiteElo "1977"]
[WhiteRD "86"]
[BlackElo "2021"]
[BlackRD "77"]
[GameID "257375"]

1. e4 c5 2. Nf3 d6 3. d4 cxd4 4. Nxd4 Nf6 5. Nc3 a6 6. Bg5 e6 7. f4 Qb6 8. Qd2 Nc6 9. Bxf6 gxf6 10. Nb3 Bd7
11. O-O-O O-O-O 12. Be2 h5 13. Rhf1 Kb8 14. Kb1 Na5 15. Rf3 Nxb3 16. axb3 h4 17. Qe1 Qa5 18. Rh3 f5 19. exf5 Qxf5 20. Rxh4 Be7
21. Rxh8 Rxh8 22. Qg1 Bc6 23. h3 Qxf4 24. Rf1 Qg5 25. Rxf7 Rxh3 26. Qb6 Rh1+ 27. Ka2 Bd8 28. Qb4 Qc1 29. Nd1 Rxd1 30. Bxd1 Qxd1
31. g4 a5 32. Qc4 Bd5 33. Qc3 Qxg4 34. Rf8 Qg5 35. Qh8 Kc8 36. Rg8 Qe7 37. Re8 Qg5 38. Rg8=
1/2-1/2

[Event "2010 PLAY MASTERS"]
[Site "SchemingMind.com"]
[Date "2010.08.13"]
[Round "-"]
[White "jesusch"]
[Black "crawfb5"]
[Result "1-0"]
[WhiteCountry "ESP"]
[BlackCountry "USA"]
[WhiteElo "2021"]
[WhiteRD "77"]
[BlackElo "1977"]
[BlackRD "86"]
[GameID "257381"]

1. e4 c6 2. d4 d5 3. e5 c5 4. Ne2 Nc6 5. c3 cxd4 6. cxd4 Bf5 7. Nbc3 e6 8. Ng3 Bg6 9. Be3 f6 10. f4 Nh6
11. Be2 Be7 12. O-O O-O 13. Qd2 Qd7 14. Rac1 Rac8 15. Bf3 Na5 16. Nxd5 Bd8 17. Rxc8 Qxc8 18. Qxa5 Bxa5 19. Ne7+ Kh8 20. Nxc8 Rxc8
21. d5 fxe5 22. fxe5 exd5 23. Bxd5 Ng4 24. Bxa7 Nxe5 25. Bxb7 Rd8 26. Be4 Bxe4 27. Nxe4 h6 28. a3 Ng4 29. h3 Ne5 30. b4 Bc7
31. b5 Nc4 32. a4 Bb6+ 33. Bxb6 Nxb6 34. Ra1 Rd4 35. a5 Nc4 36. b6 Nxb6 37. axb6 Rb4 38. Ra6 Kh7 39. Nd6
1-0

[Event "2010 PLAY MASTERS"]
[Site "SchemingMind.com"]
[Date "2010.09.21"]
[Round "-"]
[White "Valiantangel"]
[Black "Rhel"]
[Result "0-1"]
[WhiteCountry "SGP"]
[BlackCountry "GBR"]
[WhiteElo "1713"]
[WhiteRD "71"]
[BlackElo "2182"]
[BlackRD "126"]
[GameID "260438"]

1. d4 f5 2. Nc3 Nf6 3. Bg5 d5 4. Bxf6 exf6 5. e3 c6 6. Bd3 Bd6 7. Qf3 g6 8. h4 Be6 9. h5 Rg8 10. hxg6 hxg6
11. Rh7 Nd7 12. O-O-O Qb6 13. Nge2 Nf8 14. Rh6 O-O-O 15. Nf4 Kb8 16. Nxe6 Nxe6 17. Rdh1 Ng5 18. Qd1 Bf8 19. Rh8 Ba3
0-1

[Event "2010 PLAY MASTERS"]
[Site "SchemingMind.com"]
[Date "2010.09.21"]
[Round "-"]
[White "Rhel"]
[Black "Valiantangel"]
[Result "1-0"]
[WhiteCountry "GBR"]
[BlackCountry "SGP"]
[WhiteElo "2149"]
[WhiteRD "119"]
[BlackElo "1691"]
[BlackRD "81"]
[GameID "260442"]

1. d4 Nf6 2. c4 e6 3. g3 d5 4. Nf3 dxc4 5. Bg2 Nc6 6. Qa4 Be7 7. Qxc4 O-O 8. O-O Nd5 9. Nc3 Nb6 10. Qd3 Bf6
11. Rd1 Nb4 12. Qb1 N4d5 13. Ne4 Be7 14. Ne5 f6 15. Nd3 Qe8 16. Qc2 Nd7 17. Bd2 h6 18. Rac1 c6 19. Nc3 N7b6 20. Qb3 Kh8
21. a4 Nxc3 22. Rxc3 Nd5 23. Rc4 Qh5 24. Bf3 Qg6 25. a5 a6 26. e4 Nc7 27. Nf4
1-0